Symbols in Writing Quiz Stats

 Plays Quiz Updated Nov 27, 2012

Also try: Grammatical Terms
Challenge
Share
Tweet
Score 0/25 Timer 05:00
0 Plays Today
% Correct
Question Mark
99.3%
Colon
96.2%
Comma
96.2%
Asperand
94.1%
Hyphen
93.8%
Full Stop
92.8%
Percent
92.3%
Ampersand
91.7%
Octothorpe
91%
Exclamation Mark
90.5%
Semicolon
90.3%
Apostrophe
89.9%
Copyright
87.8%
% Correct
Virgule
83.7%
Obelus
83.2%
Reversed Virgule
81.4%
Lemniscate
80.7%
Asterisk
80.2%
Pilcrow
74.7%
Degree
65.5%
Caret
57.2%
Swung Dash
46.4%
Section Sign
16.2%
Interrobang
13.6%
Guillemet
9.3%

You're not logged in!

Compare scores with friends on all Sporcle quizzes.
Join for Free
OR
Log In

You Might Also Like...

Show Comments

Extras

Top Quizzes Today


Score Distribution

Your Account Isn't Verified!

In order to create a playlist on Sporcle, you need to verify the email address you used during registration. Go to your Sporcle Settings to finish the process.

Report this User

Report this user for behavior that violates our Community Guidelines.

Details: